<?xml version="1.0" encoding="UTF-8"?>
<record
    xmlns:xsi="http://www.w3.org/2001/XMLSchema-instance"
    xsi:schemaLocation="http://www.loc.gov/MARC21/slim http://www.loc.gov/standards/marcxml/schema/MARC21slim.xsd"
    xmlns="http://www.loc.gov/MARC21/slim">

  <leader>00372nam a22001577a 4500</leader>
  <controlfield tag="003">OSt</controlfield>
  <controlfield tag="008">240503b        |||||||| |||| 00| 0 eng d</controlfield>
  <datafield tag="020" ind1=" " ind2=" ">
    <subfield code="a">9789354246036</subfield>
  </datafield>
  <datafield tag="082" ind1=" " ind2=" ">
    <subfield code="a">332.1 KAF</subfield>
  </datafield>
  <datafield tag="100" ind1=" " ind2=" ">
    <subfield code="a">KAPIL,Sheeba</subfield>
  </datafield>
  <datafield tag="245" ind1=" " ind2=" ">
    <subfield code="a">Financial Valuation and Modelling</subfield>
  </datafield>
  <datafield tag="250" ind1=" " ind2=" ">
    <subfield code="a">1st Ed</subfield>
  </datafield>
  <datafield tag="260" ind1=" " ind2=" ">
    <subfield code="a">New Delhi</subfield>
    <subfield code="b"> Wiley India</subfield>
    <subfield code="c">2022</subfield>
  </datafield>
  <datafield tag="300" ind1=" " ind2=" ">
    <subfield code="a">504</subfield>
  </datafield>
  <datafield tag="942" ind1=" " ind2=" ">
    <subfield code="2">ddc</subfield>
    <subfield code="c">BK</subfield>
  </datafield>
  <datafield tag="999" ind1=" " ind2=" ">
    <subfield code="c">12612</subfield>
    <subfield code="d">12612</subfield>
  </datafield>
  <datafield tag="952" ind1=" " ind2=" ">
    <subfield code="0">0</subfield>
    <subfield code="1">0</subfield>
    <subfield code="2">ddc</subfield>
    <subfield code="4">0</subfield>
    <subfield code="7">0</subfield>
    <subfield code="8">BBABA</subfield>
    <subfield code="a">PIET</subfield>
    <subfield code="b">PIET</subfield>
    <subfield code="d">2024-04-06</subfield>
    <subfield code="e">Zaffa Books and Distributors</subfield>
    <subfield code="f">In Rupees</subfield>
    <subfield code="g">999.00</subfield>
    <subfield code="k">ZBD0012</subfield>
    <subfield code="l">0</subfield>
    <subfield code="o">332.1 KAF</subfield>
    <subfield code="p">37084</subfield>
    <subfield code="r">2024-05-03 00:00:00</subfield>
    <subfield code="v">724.27</subfield>
    <subfield code="w">2024-04-06</subfield>
    <subfield code="y">REF</subfield>
  </datafield>
  <datafield tag="952" ind1=" " ind2=" ">
    <subfield code="0">0</subfield>
    <subfield code="1">0</subfield>
    <subfield code="2">ddc</subfield>
    <subfield code="4">0</subfield>
    <subfield code="7">0</subfield>
    <subfield code="8">BBABA</subfield>
    <subfield code="a">PIET</subfield>
    <subfield code="b">PIET</subfield>
    <subfield code="d">2024-04-06</subfield>
    <subfield code="e">Zaffa Books and Distributors</subfield>
    <subfield code="f">In Rupees</subfield>
    <subfield code="g">999.00</subfield>
    <subfield code="k">ZBD0012</subfield>
    <subfield code="l">0</subfield>
    <subfield code="o">332.1 KAF</subfield>
    <subfield code="p">37085</subfield>
    <subfield code="r">2024-05-03 00:00:00</subfield>
    <subfield code="v">724.27</subfield>
    <subfield code="w">2024-04-06</subfield>
    <subfield code="y">BK</subfield>
  </datafield>
  <datafield tag="952" ind1=" " ind2=" ">
    <subfield code="0">0</subfield>
    <subfield code="1">0</subfield>
    <subfield code="2">ddc</subfield>
    <subfield code="4">0</subfield>
    <subfield code="7">0</subfield>
    <subfield code="8">BBABA</subfield>
    <subfield code="a">PIET</subfield>
    <subfield code="b">PIET</subfield>
    <subfield code="d">2024-04-06</subfield>
    <subfield code="e">Zaffa Books and Distributors</subfield>
    <subfield code="f">In Rupees</subfield>
    <subfield code="g">999.00</subfield>
    <subfield code="k">ZBD0012</subfield>
    <subfield code="l">0</subfield>
    <subfield code="o">332.1 KAF</subfield>
    <subfield code="p">37086</subfield>
    <subfield code="r">2024-05-03 00:00:00</subfield>
    <subfield code="v">724.27</subfield>
    <subfield code="w">2024-04-06</subfield>
    <subfield code="y">BK</subfield>
  </datafield>
  <datafield tag="952" ind1=" " ind2=" ">
    <subfield code="0">0</subfield>
    <subfield code="1">0</subfield>
    <subfield code="2">ddc</subfield>
    <subfield code="4">0</subfield>
    <subfield code="7">0</subfield>
    <subfield code="8">BBABA</subfield>
    <subfield code="a">PIET</subfield>
    <subfield code="b">PIET</subfield>
    <subfield code="d">2024-04-06</subfield>
    <subfield code="e">Zaffa Books and Distributors</subfield>
    <subfield code="f">In Rupees</subfield>
    <subfield code="g">999.00</subfield>
    <subfield code="k">ZBD0012</subfield>
    <subfield code="l">1</subfield>
    <subfield code="o">332.1 KAF</subfield>
    <subfield code="p">37087</subfield>
    <subfield code="r">2025-03-18 00:00:00</subfield>
    <subfield code="s">2025-02-17</subfield>
    <subfield code="v">724.27</subfield>
    <subfield code="w">2024-04-06</subfield>
    <subfield code="y">BK</subfield>
  </datafield>
  <datafield tag="952" ind1=" " ind2=" ">
    <subfield code="0">0</subfield>
    <subfield code="1">0</subfield>
    <subfield code="2">ddc</subfield>
    <subfield code="4">0</subfield>
    <subfield code="7">0</subfield>
    <subfield code="8">BBABA</subfield>
    <subfield code="a">PIET</subfield>
    <subfield code="b">PIET</subfield>
    <subfield code="d">2024-04-06</subfield>
    <subfield code="e">Zaffa Books and Distributors</subfield>
    <subfield code="f">In Rupees</subfield>
    <subfield code="g">999.00</subfield>
    <subfield code="k">ZBD0012</subfield>
    <subfield code="l">0</subfield>
    <subfield code="o">332.1 KAF</subfield>
    <subfield code="p">37088</subfield>
    <subfield code="r">2024-05-03 00:00:00</subfield>
    <subfield code="v">724.27</subfield>
    <subfield code="w">2024-04-06</subfield>
    <subfield code="y">BK</subfield>
  </datafield>
  <datafield tag="952" ind1=" " ind2=" ">
    <subfield code="0">0</subfield>
    <subfield code="1">0</subfield>
    <subfield code="2">ddc</subfield>
    <subfield code="4">0</subfield>
    <subfield code="7">0</subfield>
    <subfield code="8">BBABA</subfield>
    <subfield code="a">PIET</subfield>
    <subfield code="b">PIET</subfield>
    <subfield code="d">2025-08-30</subfield>
    <subfield code="e">Zaffa Books</subfield>
    <subfield code="f">INR</subfield>
    <subfield code="g">1129.00</subfield>
    <subfield code="k">ZBD0238</subfield>
    <subfield code="l">0</subfield>
    <subfield code="o">332.1 KAF</subfield>
    <subfield code="p">39719</subfield>
    <subfield code="r">2025-09-06 00:00:00</subfield>
    <subfield code="v">790.30</subfield>
    <subfield code="w">2025-08-30</subfield>
    <subfield code="y">BK</subfield>
  </datafield>
  <datafield tag="952" ind1=" " ind2=" ">
    <subfield code="0">0</subfield>
    <subfield code="1">0</subfield>
    <subfield code="2">ddc</subfield>
    <subfield code="4">0</subfield>
    <subfield code="7">0</subfield>
    <subfield code="8">BBABA</subfield>
    <subfield code="a">PIET</subfield>
    <subfield code="b">PIET</subfield>
    <subfield code="d">2025-08-30</subfield>
    <subfield code="e">Zaffa Books</subfield>
    <subfield code="f">INR</subfield>
    <subfield code="g">1129.00</subfield>
    <subfield code="k">ZBD0238</subfield>
    <subfield code="l">0</subfield>
    <subfield code="o">332.1 KAF</subfield>
    <subfield code="p">39720</subfield>
    <subfield code="r">2025-09-06 00:00:00</subfield>
    <subfield code="v">790.30</subfield>
    <subfield code="w">2025-08-30</subfield>
    <subfield code="y">BK</subfield>
  </datafield>
</record>
